|
|
|
|
| LEADER |
00908nam a2200253 a 4500 |
| 001 |
1052324 |
| 008 |
090511s1992 njua 001 0 eng d |
| 010 |
|
|
|a \\\90014275
|
| 020 |
|
|
|a 0138297894
|
| 040 |
|
|
|a DLC
|c DLC
|d DLC
|
| 082 |
0 |
0 |
|a 621.381/534
|2 20
|
| 100 |
1 |
|
|a Bell, David A.,
|d 1930-
|
| 245 |
1 |
0 |
|a Solid state pulse circuits /
|c David A. Bell.
|
| 250 |
|
|
|a 4th ed.
|
| 260 |
|
|
|a Englewood Cliffs, N.J. :
|b Prentice Hall,
|c c1992.
|
| 300 |
|
|
|a xiii, 594 p. :
|b ill. ;
|c 24 cm.
|
| 500 |
|
|
|a Includes index.
|
| 541 |
1 |
|
|e 00009921
|
| 650 |
|
0 |
|a Pulse circuits.
|
| 650 |
|
0 |
|a Digital electronics
|
| 650 |
|
0 |
|a Semiconductors.
|
| 852 |
4 |
|
|a Ayesha Abed Library
|j Generalshelf
|
| 999 |
|
|
|c 540
|d 540
|
| 952 |
|
|
|0 0
|1 0
|2 ddc
|4 0
|6 621_381534000000000_BEL_1997
|7 0
|9 490
|a BRACUL
|b BRACUL
|c GEN
|d 2009-05-11
|g 0.00
|l 1
|o 621.381534 BEL
|p 3010009921
|r 2016-11-08
|s 2016-11-08
|t 1
|w 2009-05-11
|y BK
|x No price found in the accession register.
|